Miesten Kolmonen Pohjoinen 2026 - Statistics

Yleistilastot
  • Tätä visaa on pelattu 11 kertaa
  • Keskiarvotulos 6 / 10
Vastaustilastot
Paikkakunta Joukkue % Oikein
Oulu (Haukipudas) HauPa
100%
Kempele Ajax
75%
Kajaani KajHa
75%
Kajaani KaPa
75%
Rovaniemi FC Santa Claus
50%
Oulu Hercules 2
50%
Kemi KePS
50%
Muhos PonPa
50%
Rovaniemi RoPo
50%
Oulu Villan Pojat
50%
Ehtoja vastaavia visoja ei löytynyt
Tulosjakauma
Jokaisen tuloksen saaneiden osuus
Persentiili vastausten määrän mukaan
Tuloshistoriasi
Et ole pelannut tätä visaa